| 000 | 00450nam a22001697a 4500 | ||
|---|---|---|---|
| 005 | 20240829124801.0 | ||
| 008 | 240829b |||||||| |||| 00| 0 eng d | ||
| 020 | _a978-0-706-372007 | ||
| 082 |
_bTIT-S _a635 |
||
| 100 | _aTitchmarsh, Alan | ||
| 245 |
_aHow to be a Supergardener / _cby Alan Titchmarsh |
||
| 260 |
_aUK : _bBCA ; _c1993. |
||
| 300 |
_a239 P. : _bill ; _c26 cm. |
||
| 500 | _aInclude Index. | ||
| 650 | _aAgriculture | ||
| 999 |
_c36495 _d36495 |
||